000 00604nam a22002177a 4500
001 51652
003 BD-RjUL
005 20211209075708.0
008 160901s1968 us a|||| |||| 001 0 eng d
035 _a(BD-RjUL)51772
040 _aBD-RjUL
_beng
_cBD-RjUL
_dBD-RjUL
041 _aeng
082 _223
_a512
_bLIT 1968
100 _aLipschutz, S.
_9154403
245 _aTheory and Problems of Liner Algebra /
_cS. Lipschutz
260 _aNew York :
_bMcGraw Hill Book,
_c1968.
300 _a334 p. :
_bill ;
_c25 cm.
500 _aInclude Index
650 _aAlgebra
_xAbstract
_9154404
942 _2ddc
_cBK
999 _c51652
_d51652